Giải tích 2 Giáo trình và 600 bài tập có lời giải Tập 2 Giáo trình Toán
Số thực. Số phức. Dãy số. hàm số một biến...
Đã lưu trong:
| Hovedforfatter: | |
|---|---|
| Andre forfattere: | |
| Format: | Bog |
| Sprog: | Vietnamese |
| Udgivet: |
H.
Giáo dục
1999
|
| Fag: | |
| Tags: |
Tilføj Tag
Ingen Tags, Vær først til at tagge denne postø!
|
| Thư viện lưu trữ: | Mạng thư viện Đại học Đà Nẵng |
|---|
| LEADER | 01250nam a2200373 4500 | ||
|---|---|---|---|
| 001 | 000008534 | ||
| 003 | 4724 | ||
| 005 | 20111019091010.0 | ||
| 008 | 111019s1999 viesd | ||
| 020 | |c 36000đ | ||
| 041 | 0 | |a vie | |
| 082 | |a 512 |b MA-J | ||
| 100 | 0 | |a Jean |e Tác giả | |
| 245 | 1 | 0 | |a Giải tích 2 |b Giáo trình và 600 bài tập có lời giải |c Jean- Marie Monier |n Tập 2 |p Giáo trình Toán |
| 260 | |a H. |b Giáo dục |c 1999 | ||
| 300 | |a 431tr |c 24cm | ||
| 504 | |a Mục lục ở đầu sách | ||
| 520 | |a Số thực. Số phức. Dãy số. hàm số một biến... | ||
| 653 | |a Giáo trình | ||
| 653 | |a Giải tích | ||
| 653 | |a Bài tập | ||
| 700 | |a Marie Monier |e Tác giả | ||
| 773 | |t Giải tích 2 |w 4718 | ||
| 910 | |a Thương |d 19/10/2011 | ||
| OWN | |a LSP | ||
| AVA | |a UDN50 |b LSP |d 512 MA-J |e available |t Error 5001 Not defined in file expand_doc_bib_avail. |f 2 |g 0 |h N |i 0 |k 1 | ||
| 999 | |a From the UDN01 | ||
| AVA | |a UDN50 |b LSP |d 512 MA-J |e available |t Error 5001 Not defined in file expand_doc_bib_avail. |f 2 |g 0 |h N |i 0 |k 1 | ||
| TYP | |a Monograph | ||
| TYP | |a Printed language | ||
| 980 | |a Mạng thư viện Đại học Đà Nẵng | ||